La revolución surrealista: a través de André Breton
שמור ב:
| פורמט: | לא ידוע |
|---|---|
| שפה: | Spanish |
| יצא לאור: |
Venezuela:
Monte Avila,
1960
|
| נושאים: | |
| תגים: |
הוספת תג
אין תגיות, היה/י הראשונ/ה לתייג את הרשומה!
|
MARC
| LEADER | 000000000a22000000004500 | ||
|---|---|---|---|
| 001 | 000991 | ||
| 008 | 170621s1960 ve ||||| |||| 00| 0 spa d | ||
| 041 | 0 | |a español | |
| 082 | |a 759.06 |b R454r | ||
| 245 | 1 | 3 | |a La revolución surrealista: |b a través de André Breton |
| 260 | |a Venezuela: |b Monte Avila, |c 1960 | ||
| 300 | |a 133 páginas | ||
| 500 | |a Número de inscripción 9713 (George Yúdice) | ||
| 650 | 4 | |a SURREALISMO | |
| 942 | |2 ddc |c BK | ||
| 999 | |c 2118 |d 2118 | ||
